|
|
|
|
| LEADER |
01429nam a2200361 i 4500 |
| 001 |
29454 |
| 003 |
BD-DhAAL |
| 005 |
20150730110220.0 |
| 008 |
150730s2013 ii ab b 001 0 eng d |
| 010 |
|
|
|a 2014347607
|
| 020 |
|
|
|a 9788125052678
|
| 020 |
|
|
|a 8125052674
|
| 025 |
|
|
|a I-E-2014-347607; 61-91
|
| 035 |
|
|
|a (OCoLC)ocn868023182
|
| 035 |
|
|
|a (OCoLC)868023182
|
| 037 |
|
|
|a Library of Congress -- New Delhi Overseas Office
|
| 040 |
|
|
|a DKAGE
|b eng
|c DKAGE
|e rda
|d DLC
|d BD-DhAAL
|
| 042 |
|
|
|a lccopycat
|a lcode
|
| 043 |
|
|
|a a-ii---
|
| 050 |
0 |
0 |
|a JQ376
|b .M85 2013
|
| 082 |
0 |
4 |
|a 306.2095414
|2 23
|
| 100 |
1 |
|
|a Mukherjee, Tilottama,
|e author.
|9 13352
|
| 245 |
1 |
0 |
|a Political culture and economy in eighteenth-century Bengal :
|b networks of exchange, consumption and communication /
|c Tilottama Mukherjee.
|
| 260 |
|
|
|a New Delhi :
|b Orient BlackSwan,
|c c2013
|
| 300 |
|
|
|a xvii, 426 pages :
|b illustrations, maps ;
|c 23 cm
|
| 500 |
|
|
|a Articles; some previously published.
|
| 504 |
|
|
|a Includes bibliographical references (pages 341-406) and index.
|
| 541 |
|
|
|e 29454
|
| 650 |
|
0 |
|a Political culture
|z India
|z Bengal
|x History
|y 18th century.
|9 13353
|
| 651 |
|
0 |
|a Bengal (India)
|x Economic conditions
|y 18th century.
|9 13354
|
| 942 |
|
|
|2 ddc
|c BK
|
| 999 |
|
|
|c 35104
|d 35104
|
| 952 |
|
|
|0 0
|1 0
|2 ddc
|4 0
|6 306_209541400000000_MUK
|7 0
|9 55027
|a BRACUL
|b BRACUL
|c GEN
|d 2015-07-30
|l 0
|o 306.2095414 MUK
|p 3010029454
|r 2015-07-30
|t 1
|w 2015-07-30
|y BK
|